La Crítica epistemológica del análisis de coyuntura: primera parte
Na minha lista:
| Formato: | Texto |
|---|---|
| Publicado em: |
México :
Centro de Investigaciones Económicas y Políticas de Acción Comunitaria,
2004
|
| Colecção: | Cuaderno
número 1 |
| Tags: |
Adicionar Tag
Sem tags, seja o primeiro a adicionar uma tag!
|
MARC
| LEADER | 00000 a a2200000 04500 | ||
|---|---|---|---|
| 001 | 43784 | ||
| 003 | |||
| 040 | |||
| 245 | |a La Crítica epistemológica del análisis de coyuntura: |b primera parte | ||
| 260 | |a México : |b Centro de Investigaciones Económicas y Políticas de Acción Comunitaria, |c 2004 | ||
| 440 | |a Cuaderno |v número 1 | ||
| 773 | |g 51 páginas : ilustraciones | ||
| 999 | |c 39344 |d 39344 | ||
